| 000 | 03040nam0a2200445 i 4500 | ||
|---|---|---|---|
| 001 | RU\NLR\bibl\2060744 | ||
| 005 | 20260407094310.0 | ||
| 010 |
_a9785728113690 _91000 |
||
| 021 |
_aRU _b2013-52809 _93665 |
||
| 035 | _a(nilc)RuMoRGB-006602837 | ||
| 035 | _a(NLR Aleph) 002047488 | ||
| 090 |
_a4625600 _c4625600 |
||
| 100 | _a20130708d2013 u y0rusy50 ca | ||
| 101 | 0 |
_arus _deng _eeng |
|
| 102 | _aRU | ||
| 105 | _aa z ||||| | ||
| 200 | 1 |
_aИстория управленческой мысли _eучебник _eдля студентов высших учебных заведений, обучающихся по направлению 034700 "Документоведение и архивоведение" [и направлению 080200 - Менеджмент _fН.В. Овчинникова, д.э.н., проф., И.Н. Макашов, д.э.н., проф., О.Ю. Артемов, к.ист.н., проф. и др. _gпод ред. д.э.н., проф. Н.В. Овчинниковой _gМ-во образования и науки Рос. Федерации, Федер. гос. бюджет. образоват. учреждение высш. проф. образования "Рос. гос. гуманит. ун-т"] |
|
| 210 |
_aМосква _cиздательский центр Российского государственного гуманитарного университета _d2013 |
||
| 215 |
_a685, [2] с. _cил., портр. _d22 |
||
| 300 | _aАвт. указаны на обороте тит. л. | ||
| 300 | _aУчеб. является победителем конкурса учеб.-метод. проектов в номинации "Учеб.-метод. обеспечение основных образоват. прогр. бакалавриата и магистратуры" | ||
| 320 | _aБиблиогр. в конце глав | ||
| 320 | _aИмен. указ.: с. 672-683 | ||
| 606 | 1 |
_aУправление _jУчебники для высших учебных заведений _xТеория _xИстория _92195380 _3RU\NLR\AUTH\661319485 |
|
| 606 | 1 |
_aУправление _jУчебники для высших учебных заведений _xТеория _xПолитэкономический аспект _92336785 _3RU\NLR\AUTH\661397036 |
|
| 686 | 1 | _aУ21(0)я73 | |
| 686 | 1 | _aУ010.066я73 | |
| 701 | 1 |
_aОвчинникова _bН. В. _gНаталья Викторовна _4070 |
|
| 701 | 1 |
_aМакашов _bИ. Н. _gИгорь Николаевич _4070 |
|
| 701 | 1 |
_aАртемов _bО. Ю. _gОлег Юрьевич _4070 |
|
| 712 | 0 | 2 |
_4570 _aРоссийский государственный гуманитарный университет _3RU\NLR\AUTH\889918626 _9333367 |
| 801 | 0 |
_aRU _bRuMoRKP _c20130708 _gRCR |
|
| 801 | 2 |
_aRU _bРГБ _c20130724 _grcr |
|
| 801 | 1 |
_aRU _bRuMoRKP _c20130708 _2rusmarc |
|
| 801 | 2 |
_aRU _bNLR _c20130807 _grcr |
|
| 830 | _aАвт. по кн. | ||
| 942 | _cBOOK | ||
| 980 | _aNBR | ||